Jeux vidéos de A-Z par image #5 - Statistiques

Statistiques générales
  • Ce quiz a été pris 917 fois
    913 depuis la dernière actualisation
  • Le résultat moyen est 14 sur 26
Statistiques - réponses
Par images Hint Réponse % Correct
A Angry Birds
96%
F Fall Guys
94%
U UNO online
92%
C Cyberpunk 2077
87%
R Roblox
87%
L The Legend of Zelda
82%
D Doom
80%
W Watch Dogs
73%
S Skylanders
72%
P Pong
67%
G Gran Turismo
65%
M Metal Gear
65%
O Outlast
58%
B Bloodborne
53%
H Half Life
53%
N Nier: Automata
52%
Y Yam online
43%
T Tropico
40%
J Journey
39%
K Kingdom Come: Deliverance
35%
Z Zenless Zone Zero
27%
V Valheim
21%
I Immortals Fenyx Rising
15%
E Elex
2%
Q Qanga
1%
X XEL
1%
Aucun quiz correspondant
Distribution des résultats
% des personnes avec chaque résultat
Percentile par nombre de réponses
Votre historique - résultats
Vous n’avez pas pris ce quiz depuis la dernière actualisation